| 000 | 00408nam a2200121Ia 4500 | ||
|---|---|---|---|
| 008 | 220620s9999||||xx |||||||||||||| ||und|| | ||
| 100 | _aAdair-Toteff, Christopher | ||
| 245 | 0 | _aMax Weber's Sociology of Religion | |
| 546 | _aEnglish[eng] | ||
| 650 | _aSocial Science||Science||History||History||Essays | ||
| 856 | _uhttps://library.oapen.org/bitstream/20.500.12657/52168/1/external_content.pdf | ||
| 942 | _cEB | ||
| 999 |
_c29671 _d29671 |
||